Get the Picture: Mary Poppins or Maria von Trapp Quiz Stats

 Plays Quiz Updated Apr 21, 2019

Score 0/14 Timer 04:00
3 Plays Today
Question Answer Wrong Answers
Defies the laws of physics Mary Poppins
92.1%
Maria von Trapp
1%
Both
2.2%
Neither
1.8%
Interacts with animated characters Mary Poppins
91.7%
Maria von Trapp
0.9%
Both
2.4%
Neither
2.2%
Dies at the end of the movie Neither
91.4%
Mary Poppins
1.6%
Maria von Trapp
3.7%
Both
0.4%
Sings and dances Both
90.4%
Mary Poppins
2.8%
Maria von Trapp
2.8%
Neither
1%
Is employed to care for children Both
88.3%
Mary Poppins
4.8%
Maria von Trapp
3.5%
Neither
0.6%
Marries a love interest Maria von Trapp
86.6%
Mary Poppins
1.1%
Both
5.9%
Neither
3.9%
Is a historically real person Maria von Trapp
86.2%
Mary Poppins
1.6%
Both
1.5%
Neither
7.9%
Is shown with luggage Both
80.1%
Mary Poppins
11.1%
Maria von Trapp
5.2%
Neither
1.1%
Plays a musical instrument Maria von Trapp
63.8%
Mary Poppins
2.6%
Both
23.1%
Neither
7.9%
Drives a motor vehicle Neither
61.6%
Mary Poppins
10%
Maria von Trapp
19.9%
Both
5.5%
Causes an accidental fire Neither
55.2%
Mary Poppins
15.5%
Maria von Trapp
22.9%
Both
3.7%
Fills in as a cook Neither
50.5%
Mary Poppins
18.2%
Maria von Trapp
15.3%
Both
13.1%
Rides in a boat Maria von Trapp
34.4%
Mary Poppins
20.1%
Both
24.4%
Neither
18.3%
Navigates a situation involving military characters Both
29.1%
Mary Poppins
2.3%
Maria von Trapp
62.6%
Neither
3.3%

Today's Daily Dose

Missing Word
Sherlocks

Word Ladder
King of the Hill

Quick Pick
Songs in Pink

Get the Picture
NBA Teammates

You're not logged in!

Compare scores with friends on all Sporcle quizzes.
OR
Log In

Sporcle TV

Today on Sporcle TV


Watch our educational content, quiz creation guides, and fun videos on Sporcle TV.

Show Comments

Extras

Top Quizzes Today


Score Distribution

Your Account Isn't Verified!

In order to create a playlist on Sporcle, you need to verify the email address you used during registration. Go to your Sporcle Settings to finish the process.

Report this User

Report this user for behavior that violates our Community Guidelines.

Details: